Statistiques concernant Paroles - PZK - Les filles adorent

Cliquez ici pour prendre le quiz!

Statistiques générales

  • Ce quiz a été pris 272 fois
  • Le résultat moyen est 166 sur 227

Statistiques - réponses

Paroles% Correct
à
100%
a
100%
adorent
100%
au
100%
de
100%
et
100%
Et
100%
être
100%
filles
100%
"Hé
100%
le
100%
Les
100%
les
100%
leur
100%
forme
98%
hommes
98%
nous,
98%
nous
98%
top
98%
Pour
96%
baise"
93%
du
92%
Faire
92%
faire
92%
aurores
91%
elles
90%
Elles
90%
Baiser
89%
sport
89%
autres,
88%
jusqu'aux
88%
la
88%
88%
se
85%
sont
84%
belles
77%
qu'elles
77%
pas
76%
dise
75%
Qu'on
75%
qu'on
75%
sur
75%
un
75%
mecs
74%
ou
73%
aux
70%
Sans
70%
sans
70%
Mais
69%
mais
69%
des
68%
"je
68%
bisous
66%
peu
66%
plage
66%
plaire,
66%
partout
65%
tête,
65%
tête
65%
doux,
64%
mots
64%
on
64%
sens
64%
aiment
63%
balader
63%
Ces
63%
dire
63%
est
63%
"non
63%
aussi
62%
avec
62%
coquillages
62%
tous
62%
prête"
61%
tes
61%
il
60%
qui
60%
t'aime"
60%
y
60%
cool
59%
entre
59%
moche
59%
soit
59%
j'ai
58%
j'me
58%
serait
58%
tu
58%
fais
57%
jambes"
57%
"jte
57%
"j'te
57%
l'amour"
57%
seraient
57%
bon,
56%
épaules
56%
gay
56%
préfèrent
56%
protégées!
56%
Dans
55%
l'autre
55%
comme
54%
discut'
54%
l'une
54%
tapent
54%
tendre
54%
bien
53%
chose
53%
deux
53%
moins
53%
ouais
53%
Ouais,
53%
pomponner,
53%
sensibles,
53%
compliquées
52%
Quand
52%
quelque
52%
romantiques
52%
savoir
52%
sympa,
52%
trucs
52%
Alors
51%
cloche,
51%
cools
51%
cools,
51%
disent
51%
trop
51%
parfaites
50%
tout
50%
arrêt
49%
Corps
49%
huilé
49%
rassurées,
48%
machos
47%
timides,
47%
grosses
46%
légumes
46%
magazines
46%
quoi !
46%
reines,
46%
sais,
46%
grande
45%
entendre
44%
mode
44%
cuisinent
43%
sapées,
43%
maigres
42%
chef,
41%
recettes
41%
apprennent
37%
laides,
35%
rougissent,
35%
flattes,
30%

Distribution des résultats

Percentile par nombre de réponses

% des personnes avec chaque résultat

Votre développement - résultats

Vous n’avez pas pris ce quiz